| 000 | 00580nam a2200145Ia 4500 | ||
|---|---|---|---|
| 008 | 140724s9999 xx 000 0 und d | ||
| 050 |
_aB 105 _b.B352 2014 |
||
| 100 | _aBautista, Ma Regene Anne M. | ||
| 245 |
_aSocial networking usage and the social skill profile of the selected B.S. Psychologyology students of Southville International School and Colleges / _cMa. Ragene Anne M. Bautista. |
||
| 260 |
_aLas PiƱas, Philippines : _bSouthville International School and Colleges, _cc2014. |
||
| 300 |
_a81 p. : _c28 cm. |
||
| 521 | _aPsychology | ||
| 942 | _cTH | ||
| 999 |
_c229308 _d229308 |
||